| 000 | 00518nam a2200193Ia 4500 | ||
|---|---|---|---|
| 005 | 20250326144129.0 | ||
| 008 | 250326s9999 xx 000 0 und d | ||
| 037 | _aTextbook | ||
| 040 |
_aFMSL _beng _cFMSL |
||
| 041 |
_aeng _2eng |
||
| 084 |
_aX:725 P7 _qFMSL |
||
| 100 |
_aNamburu M _9749097 |
||
| 245 | 0 |
_aMoguls of real estate _cNamburu M |
|
| 260 |
_aNew Delhi _bNew Delhi, Lotus collection _c2007 |
||
| 365 | _b350 | ||
| 650 | _aMarketing | ||
| 942 |
_cTB _hX:725 P7 |
||
| 999 |
_c1302478 _d1302478 |
||